000 01563cam a2200277 4500500
005 20260208004950.0
041 _afre
042 _adc
100 1 0 _aDeysine, Anne-Emmanuelle
_eauthor
245 0 0 _aArgent et politique : quels horizons pour 2002 ?
260 _c2001.
500 _a43
520 _aWith the 2002 and 2004 elections in the offing, this article analyzes the role of money in politics, the 2000 elections and the present situation, the rise of soft money and the various attempts at reforming the system, focusing on the McCain-Feingold bill passed in the Senate in March 2001. The various developments of such a breakthrough (vote of the House and role of the Supreme Court) are presented as well as the unintended possible consequences of such a reform and its probable inadequacy. It concludes on the various other ways in which the franchise and democracy are being jeopardized by the way American elections are organized (Electoral College, winner-takes-all, two-party system) and the way the political decision-making process works.
690 _aDroit de vote
690 _aélectoraux
690 _aès
690 _aLobbying
690 _aPremier amendement
690 _aCampain finance
690 _aCongress
690 _aFirst Amendment
690 _aFranchise
690 _aLobbying
786 0 _nRevue française d’études américaines | 90 | 4 | 2001-10-01 | p. 44-60 | 0397-7870
856 4 1 _uhttps://shs.cairn.info/revue-francaise-d-etudes-americaines-2001-4-page-44?lang=fr&redirect-ssocas=7080
999 _c1649957
_d1649957